FIA Grade 1 circuits - Statistics

General Stats
  • This quiz has been taken 24 times
  • The average score is 24 of 37
Answer Stats
FIA Grade 1 Answer % Correct
Australia Melbourne/Albert Park
95%
Belgium Spa
95%
United States Circuit of the Americas/COTA/Austin
90%
Italy Emilia-Romagna/Imola
90%
Monaco Monaco
90%
Brazil Interlagos/Sao Paulo
86%
Italy Monza
86%
Japan Suzuka
86%
United Arab Emirates Abu Dhabi/Yas Marina
81%
Azerbaijan Baku
81%
Spain Circuit de Barcelona-Catalunya/Barcelona/Circuit de Catalunya
81%
Singapore Marina Bay/Singapore
81%
Mexico Mexico City
81%
United States Miami
81%
France Paul Ricard/Le Castellet
81%
Portugal Portimao/Algarve
81%
Austria The Red Bull Ring/Austria
81%
Bahrain Bahrain/Sakhir
76%
Hungary Hungaroring
76%
Germany Nurburgring/The Nurburgring
76%
Netherlands Zandvoort
76%
Japan Fuji
71%
Germany Hockenheim/Hockenheimring
71%
Malaysia Sepang
71%
Canada Montreal/Circuit Gilles Villeneuve
62%
India Buddh
57%
United Arab Emeriates Dubai
52%
Portugal Estoril
48%
France Magny-Cours
48%
United States Indianapolis Motor Speedway/Indy/Indianapolis/IMS
43%
Spain Jerez
43%
Thailand Chang
33%
Russia Igora Drive
19%
South Korea Korea International Circuit
19%
Kuwait Kuwait Motor Town
19%
Russia Moscow Raceway
14%
Spain Motorland
10%
No matching quizzes found
Score Distribution
Percent of People with Each Score
Percentile by Number Answered
Your Score History
You have not taken this quiz